United States Representatives from Massachusetts - Statistics

General Stats
  • This quiz has been taken 9 times
  • The average score is 2 of 9
Answer Stats
Hint Answer % Correct
7-D Ayanna Pressley
67%
9-D Bill Keating
33%
4-D Jake Auchincloss
33%
2-D Jim McGovern
33%
6-D Seth Moulton
33%
8-D Stephen Lynch
33%
5-D Katherine Clark
0%
3-D Lori Trahan
0%
1-D Richard Neal
0%
No matching quizzes found
Score Distribution
Percent of People with Each Score
Percentile by Number Answered
Your Score History
You have not taken this quiz